Classic Books - Statistics

General Stats
  • This quiz has been taken 262 times
  • The average score is 10 of 15
Answer Stats
Hint Answer % Correct
Pride and Predjudice Jane Austen
90%
A Christmas Carol Charles Dickens
85%
Frankenstein Mary Shelley
85%
The Hobbit J. R. R. Tolkien
82%
To Kill a Mockingbird Harper Lee
77%
The Great Gatsby F. Scott Fitzgerald
76%
The Shining Stephen King
73%
Of Mice and Men, Grapes of Wrath John Steinbeck
69%
The Adventures of Huckleberry Finn Mark Twain
69%
Dracula Bram Stoker
64%
Moby Dick Herman Melville
54%
Fahrenheit 451 Ray Bradbury
53%
Lord of the Flies William Golding
51%
Slaughterhouse 5 Kurt Vonnegut
44%
Anne of Green Gables L. M. Montgomery
34%
No matching quizzes found
Score Distribution
Percent of People with Each Score
Percentile by Number Answered
Your Score History
You have not taken this quiz